| 000 | 01365ncm0a2200361 4500 | ||
|---|---|---|---|
| 001 | RU\NLR\ONIZ\214871 | ||
| 005 | 20250626034825.0 | ||
| 010 | _a978-5-7680-2314-0 | ||
| 021 |
_aRU _b10-414н _910-35н |
||
| 035 | _aRU\NLR\ONIZ\GALA\5000028973\20160927115012 | ||
| 035 | _a(NLR Aleph) 011273486 | ||
| 090 |
_a10831371 _c10831371 |
||
| 100 | _a20160927d2010 |||y0rusy50 ca | ||
| 101 | 0 | _arus | |
| 102 | _aRU | ||
| 125 | _aax | ||
| 200 | 1 |
_aЛадонь для птиц _bНоты _eпесни на кабард. и рус. яз. _e[для пения с фп.] _fЗ. А. Жириков |
|
| 210 |
_aНальчик _cЭльбрус _d2010 |
||
| 215 |
_a144 с. _cфотопортр. _d25 см |
||
| 606 | 1 |
_aПесни кабардино-балкарских композиторов _jНоты _2nlr_sh |
|
| 686 |
_aЩ943.4-42-041.5я44(2Р=Каба) _vLBC/SL _2rubbk |
||
| 686 |
_aЩ94-42-041.5я44(2Р=Каба) _vLBC/SL _2rubbk |
||
| 700 | 1 |
_9z01790 _aЖириков _bЗ. А. _gЗаур Асланбиевич _4230 |
|
| 790 | 1 |
_9z01700 _aZhirikov _bZ. _gZaur _4230 |
|
| 801 | 0 |
_aRU _bNLR _c20160927 _gPSBO |
|
| 801 | 1 |
_aRU _bNLR _c20160927 _2rusmarc |
|
| 801 | 2 |
_aRU _bNLR _c20190630 |
|
| 852 |
_aNLR _bМ _j3/11314 _pМОЭ 2010-35н/414н _t1 |
||
| 852 |
_aNLR _bМ _j3/11314а _pМОЭ 2010-35н/414на _t2 |
||
| 942 | _cSCORE | ||
| 980 | _aNB | ||
| 980 | _aONIZ | ||